| 000 | 00837nam a2200217 a 4500 | ||
|---|---|---|---|
| 001 | 000370312 | ||
| 003 | AM-YeHGA | ||
| 005 | 20250617163226.0 | ||
| 008 | 041016s1948 ||||||||||||||||||||rus d | ||
| 040 | _aAM-YeHGA | ||
| 041 | 0 | _arus | |
| 245 | 0 | 0 |
_aАвтоматика и телемеханика : _bСборник статей / _cМЭИ ; Под ред. Г.М. Жданова. |
| 260 |
_aМосква ; _aЛенинград : _bГосэнергоиздат, _c1948. |
||
| 300 |
_a277 с. _bил. |
||
| 504 | _aСписки лит. в конце ст. | ||
| 650 | 1 | 4 | _aАвтоматика и телемеханика |
| 650 | 1 | 4 | _aСборники |
| 700 | 1 |
_aЖданов, Г.М. _eред. _4edt |
|
| 710 | 2 | _aМосковский энергетический институт им. В.М. Молотова | |
| 090 | _c506498 | ||
| 999 |
_c503081 _d503081 |
||